Statistics for Undertale Acts

Click here to take the quiz!

General Stats

  • This quiz has been taken 17 times
  • The average score is 57 of 137

Answer Stats

MonsterAct% Correct
Asgore | Dummy | Kight Knight | +8 othersTalk
83%
NapstablookCheer
67%
Reaper Bird | WoshuaClean
67%
Aaron | Lemon Bread | TemmieFlex
67%
Moldsmall | Napstablook | Papyrus | TsunderplaneFlirt
67%
Chilldrake | Snowdrake | Snowdrake's Mother | WoshuaJoke
67%
Dogamy & Dogaressa | Doggo | Endogeny | +2 othersPet
67%
Final Froggit | Froggit | Ice CapCompliment
50%
GyftrotDecorate
50%
AsrielDream
50%
PyropeHeat up
50%
Snowdrake | Snowdrake's MotherHeckle
50%
AsrielHope
50%
Endogeny | Greater Dog | Ice CapIgnore
50%
Snowdrake | Snowdrake's MotherLaugh
50%
MuffetPay
50%
Astigmatism | Loox | Reaper BirdPick on
50%
Kight KnightSing
50%
Asriel | MuffetStruggle
50%
Final Froggit | Froggit | NapstablookThreat
50%
Endogeny | Greater DogBeckon
33%
GlydeBoo
33%
MettatonBurn
33%
Lemon BreadCall
33%
MemoryheadCELL
33%
Astigmatism | UndyneChallenge
33%
Royal GuardsClean armor
33%
Whimsalot | WhimsunConsole
33%
PyropeCool down
33%
Parsnik | VegetoidDevour
33%
VegetoidDinner
33%
JerryDitch
33%
Astigmatism | LooxDon't pick on
33%
DoodlebogDraw
33%
UndyneFake hit
33%
Mettaton EXHeel turn
33%
Moldbygg | VulkinHug
33%
MoldsmallImitate
33%
PapyrusInsult
33%
MemoryheadJoin
33%
Final Froggit | Reaper BirdMystify
33%
Endogeny | Greater DogPlay
33%
UndynePlead
33%
Mettaton EXPose
33%
Reaper Bird | WhimsalotPray
33%
MemoryheadRefuse
33%
Dogamy & DogaressaRe-sniff
33%
Dogamy & DogaressaRoll around
33%
Ice CapSteal
33%
Whimsalot | WhimsunTerrorize
33%
GyftrotUndecorate
33%
Lemon Bread | MoldbyggUnhug
33%
Royal GuardsWhisper
33%
MettatonYellow
33%
GlydeApplaud
17%
TsunderplaneApproach
17%
Mettaton EXBoast
17%
MadjickClear mind
17%
ShyrenConduct
17%
VulkinCriticize
17%
Lemon Bread | MettatonCry
17%
VulkinEncourage
17%
TemmieFeed Temmie Flakes
17%
MoldessaFix
17%
GyftrotGift
17%
Lemon Bread | Reaper Bird | ShyrenHum
17%
PyropeInvite
17%
MemoryheadITEM
17%
Moldbygg | MoldessaLie down
17%
GlydeNothing
17%
Lemon BreadScream
17%
AaronShoo
17%
ParsnikSnack
17%
So SorrySomething
17%
MadjickStare
17%
MemoryheadSTAT
17%
MoldessaSwitch
17%
Mad Mew Mew | WoshuaTouch
17%
MettatonTurn
17%
ChilldrakeAgree
0%
ChilldrakeClash
0%
ParsnikHiss
0%
ShyrenSmile
0%

Score Distribution

Percentile by Number Answered

Percent of People with Each Score

Your Score History

You have not taken this quiz